|
|
|
|
| LEADER |
00000nam0a2200000 4500 |
| 001 |
287322 |
| 005 |
20231101235958.0 |
| 035 |
|
|
|a (RuTPU)RU\TPU\book\311717
|
| 090 |
|
|
|a 287322
|
| 100 |
|
|
|a 20150314d1985 m y0rusy50 ca
|
| 101 |
0 |
|
|a rus
|
| 102 |
|
|
|a RU
|
| 105 |
|
|
|a a j 000zy
|
| 200 |
1 |
|
|a Основы органического лабораторного практикума
|f под ред. Г. А. Чмутовой ; сост. Г. Г. Бутенко, Т. Г. Маннафаров
|
| 210 |
|
|
|a Казань
|c Изд-во Казанского ун-та
|d 1985
|
| 215 |
|
|
|a 75 с.
|c ил.
|
| 606 |
1 |
|
|a Органическая химия
|2 stltpush
|3 (RuTPU)RU\TPU\subj\47309
|9 66362
|
| 610 |
1 |
|
|a лабораторные практикумы
|
| 610 |
1 |
|
|a органические соединения
|
| 610 |
1 |
|
|a очистка
|
| 610 |
1 |
|
|a методы
|
| 610 |
1 |
|
|a перегонка
|
| 610 |
1 |
|
|a фильтрование
|
| 610 |
1 |
|
|a хроматография
|
| 610 |
1 |
|
|a растворители
|
| 610 |
1 |
|
|a элементный анализ
|
| 610 |
1 |
|
|a качественный анализ
|
| 675 |
|
|
|a 547(076.5)
|v 3
|
| 702 |
|
1 |
|a Чмутова
|b Г. А.
|4 340
|
| 702 |
|
1 |
|a Бутенко
|b Г. Г.
|4 220
|
| 702 |
|
1 |
|a Маннафаров
|b Т. Г.
|4 220
|
| 801 |
|
1 |
|a RU
|b 63413507
|c 20150314
|
| 801 |
|
2 |
|a RU
|b 63413507
|c 20180112
|g RCR
|
| 942 |
|
|
|c BK
|